Visualizzazione normale
Vista MARC
- Des'Ree
di Personal Name
Records bibliografici associati: 1
001 - CONTROL NUMBER
- control field: 31892
003 - CONTROL NUMBER IDENTIFIER
- control field: IT-RoPau
005 - DATE AND TIME OF LATEST TRANSACTION
- control field: 20140625165523.0
008 - FIXED-LENGTH DATA ELEMENTS
- fixed length control field: 140625|| aca||aabn | a|a d
040 ## - CATALOGING SOURCE
- Original cataloging agency: IT-RoPau
- Transcribing agency: IT-RoPau
100 ## - HEADING--PERSONAL NAME
- Personal name: Des'Ree
- Dates associated with a name: Codice autore musica SPICS: 47136
- Relator term: Autore musica
- Name of part/section of a work: Kissing You (Love Theme From Romeo & Juliet)
670 ## - SOURCE DATA FOUND
- Source citation: Work cat.: (IT-RoPau)101121: AA.VV. 794, Romeo & Giulietta di William Shakespeare